Statistics for Jodie Comer Movies!

Click here to take the quiz!

General Stats

  • This quiz has been taken 7 times
  • The average score is 3 of 6

Answer Stats

HintAnswer% Correct
2021Free Guy
86%
2021The Last Duel
86%
2021Help
71%
2017England is Mine
29%
2019The Rise of Skywalker
14%
2015Lady Chatterley's Lover
0%

Score Distribution

Percentile by Number Answered

Percent of People with Each Score

Your Score History

You have not taken this quiz